Normal view
MARC view
Entry Personal Name
001 - CONTROL NUMBER
- control field: 17361
003 - CONTROL NUMBER IDENTIFIER
- control field: OSt
005 - DATE AND TIME OF LATEST TRANSACTION
- control field: 20230215094700.0
008 - FIXED-LENGTH DATA ELEMENTS
- fixed length control field: 230215|| aca||aabn | a|a d
040 ## - CATALOGING SOURCE
- Original cataloging agency: OSt
- Transcribing agency: OSt
100 ## - HEADING--PERSONAL NAME
- Personal name: ဘချစ်တင်၊ ဦး
670 ## - SOURCE DATA FOUND
- Source citation: Work cat.: (OSt): ဘချစ်တင်၊ ဦး, သစ္စာလေးချက်ဓမ္မစက်(ခေါ်) ဝိပဿနာကိုယ်တွေ့အလုပ်တရား\, ၁၉၇၆